| 000 | 01153nam a2200277 a 4500 | ||
|---|---|---|---|
| 003 | BLK | ||
| 005 | 20250721171209.0 | ||
| 008 | 180411b bul|||||r ||||||| ||bul|| | ||
| 020 | _a9786197560268 | ||
| 040 | _aBLK | ||
| 041 |
_aBUL _cBUL |
||
| 080 |
_aАмериканска литература (на САЩ) _b821.111(73) _x-93-32 _z821.111(73)-93-32 |
||
| 084 | _aК 54 | ||
| 100 | 1 |
_aКини, Джеф _9309890 |
|
| 245 | 1 | 0 |
_aДневникът на един Дръндьо _bЧ. 1 - _cДжеф Кини ; прев. Михаил Балабанов. _nЧ. 18 _pПразноглавци |
| 257 | _aUSA | ||
| 260 |
_aСофия _bДУО ДИЗАЙН _c2024 _f[София] : [Инвестпринт] |
||
| 300 |
_a218 с. _bс ил. _c21 см |
||
| 380 | _aDX | ||
| 500 | _aОриг. загл.: Diary of a wimpy kid: No brainer / Jeff Kinney За автора: с. 218 | ||
| 700 |
_aБалабанов, Михаил Петров _eпрев. _9443003 |
||
| 852 |
_aЦб 325459 _bЦб |
||
| 942 |
_cKNG _n0 _0397 _s1 |
||
| 944 |
_cНора Радева _k30564 _lАнна Гръцманова |
||
| 999 |
_c508847 _d508847 |
||